Géographie de l'Asie par lettre - C - Statistiques

Statistiques générales
  • Ce quiz a été pris 184 fois
  • Le résultat moyen est 11 sur 20
Statistiques - réponses
Indice Réponse % Correct
Pays d'Asie inclus dans l'Union Européenne Chypre
92%
Ancien nom d'Istanbul Constantinople
89%
Péninsule divisée en deux depuis 1945 La Corée
86%
Le plus grand "lac" du monde La mer {Caspienne}
82%
Religion majoritaire aux Philippines Le Catholicisme
81%
Doctrine politique instaurée au pouvoir notamment en Chine, au Laos, au Cambodge ou au Vietnam Le Communisme
81%
Arbre national du Liban représenté sur son drapeau Le Cèdre
79%
Langue chinoise du sud du pays notamment parlée à Hong-Kong Le Cantonais
75%
Région montagneuse entre la Russie et la Turquie très composite d'un point de vue ethnolinguistique Le Caucase
69%
Ancien nom du Sri Lanka notamment à l'époque moderne Ceylan
62%
L'un des "territoires palestiniens" divisé en zones A, B et C La Cisjordanie
61%
Matériau produit à partir de la culture de "l'hévéa" et dont la Thaïlande est le premier producteur mondial suivie de l'Indonésie Le Caoutchouc
58%
Territoire montagneux disputé entre Inde, Pakistan et Chine Le Cachemire
57%
Le spectaculaire assèchement de la mer d'Aral est principalement causé par l'irrigation de champs en Ouzbékistan produisant cette fibre végétale Le Coton
57%
Processus d'occupation et d'exploitation du sous continent Indien par la couronne Britannique jusqu'au milieu du XXe siècle. La Colonisation
50%
Deuxième plus grande ville des Philippines Cebu
16%
Municipalité chinoise avec une superficie comparable à celle de l'Autriche et qui fut capitale provisoire durant la seconde guerre mondiale Chongqing
16%
Quatrième île d'Indonésie par la superficie et dont la ville principale est Makassar Célèbes
15%
Plus grande ville du nord de la Thaïlande Chiang Mai
12%
Fleuve et principal cours d'eau du delta à la confluence du Tigre et de l'Euphrate Le Chatt-el-Arab
4%
Aucun quiz correspondant
Distribution des résultats
% des personnes avec chaque résultat
Percentile par nombre de réponses
Votre historique - résultats
Vous n’avez pas pris ce quiz